Statistics for Famous Siblings Quiz #2

Click here to take the quiz!

General Stats

  • This quiz has been taken 15,022 times
  • The average score is 12 of 22

Answer Stats

Person Sibling % Correct
Venus Williams{Serena} Williams
93%
HanselGretel
93%
Mario (Nintendo)Luigi
88%
CainAbel
81%
Luke SkywalkerPrincess Leia
78%
RomulusRemus
70%
Kate Middleton{Pippa} Middleton
69%
MufasaScar
67%
George W. Bush{Jeb} Bush
66%
Eli Manning{Peyton} Manning
65%
Ross Geller{Monica} Geller
61%
Primrose Everdeen{Katniss} Everdeen
61%
Niles Crane{Frasier} Crane
43%
FaramirBoromir
38%
Richard the LionheartKing John
34%
He-ManShe-Ra
33%
MosesAaron
30%
CastorPollux
28%
EsauJacob
28%
ApolloArtemis
24%
Jesse James{Frank} James
17%
Dexter Morgan{Debra} Morgan
16%

Score Distribution

Percentile by Number Answered

Percent of People with Each Score

Your Score History

You have not taken this quiz